=LDR 00000nam 2200000 4500 =001 INLIS000000000053836 =005 20190320034336 =035 ##$$a 0010-0319000031 =007 ta =008 190320###########################0###### =020 ##$$a 979-8398-47-5 =082 ##$$a 321.4 =084 ##$$a 321.4 TIM p =100 #$$a Tim =245 1#$$a Pendidkan Kebangsaan, Demokrasi dan Hak Asasi Manusia (KADEHAM) /$c TIMUNIV. Trisakti Jakarta =260 ##$$a Jakarta :$b Universitas Trisakti,$c 2001 =300 ##$$a xiv,196 hlm,